Фашизм и неофашизм: пер. с нем.

Detalhes bibliográficos
Autor principal: Опитц Р. Рейнхард
Idioma:russo
Publicado em: Москва, Прогресс, 1988
Assuntos:
Formato: Livro
KOHA link:https://koha.lib.tpu.ru/cgi-bin/koha/opac-detail.pl?biblionumber=18465

MARC

LEADER 00000nam0a2200000 4500
001 18465
005 20231030191307.0
010 |a 5010010097 
035 |a (RuTPU)RU\TPU\book\18615 
035 |a BOOK00000010 
090 |a 18465 
100 |a 20011209d1988 k y0rusy50 ca 
101 1 |a rus  |c ger 
102 |a RU 
105 |a y z 000zy 
200 1 |a Фашизм и неофашизм  |e пер. с нем.  |f Р. Опитц 
210 |a Москва  |c Прогресс  |d 1988 
215 |a 278 с. 
610 1 |a политика 
610 1 |a Германия 
610 1 |a ФРГ 
610 1 |a история 
610 1 |a фашизм 
610 1 |a Германский фашизм 
686 |a Ф3(4Ф)  |v LBC/SL-A  |2 rubbk 
700 1 |a Опитц  |b Р.  |g Рейнхард 
801 0 |a RU  |b 63413507  |c 20011209  |g PSBO 
801 2 |a RU  |b 63413507  |c 20201210  |g PSBO 
942 |c BK